000
00234nmm a2200085Ia 4500
008
220120s9999||||xx |||||||||||||||||und||
100
_a
PCQ
245
0
_a
October 2010: 45 tools to boost operational efficiency, tuto
260
_a
Cyber tech
999
_c
139635
_d
139635